Score 0/40 Timer 04:00
0 Plays Today
Clue 4-Letter Word % Correct
Top of a mountainPEAK
97.6%
Lacking in strengthWEAK
97.3%
Group of wolves; fill a suitcasePACK
96.2%
Without hairBALD
94.6%
'Central' New York locationPARK
94.5%
The Beatles or Rolling Stones, e.g.BAND
94.2%
Wizard's magic batonWAND
94.1%
Movement of the air; gale forceWIND
93.2%
Bird or airplane appendageWING
92.8%
Of great heightTALL
91.6%
'Go ____ the Flow'WITH
91.6%
⋆ ____ Five ⋆
Slapping hands to celebrate
⋆ HIGH ⋆
91.2%
Third Gospel, or Star Wars' SkywalkerLUKE
91.2%
Of great size; extremely largeHUGE
91%
Benefit; become cheerfulPERK
90.8%
One of three granted by a genieWISH
90.8%
Jackman, Grant, or Bonneville, e.g.HUGH
90.4%
Partner of 'give,' colloquiallyTAKE
90.3%
Huron, Erie, or Titicaca, e.g.LAKE
90.3%
____ as old as time... (Beauty and the Beast)TALE
89.8%
Clue 4-Letter Word % Correct
Olympic toboggan sportLUGE
89%
⋆ One ____
Barenaked Ladies breakout hit
⋆ WEEK ⋆
88.4%
Audible breath; exasperated noiseSIGH
88.1%
Continuous rate of motionPACE
87.9%
⋆ ____ Four ⋆
Umpire's shout for taking a base
⋆ BALL ⋆
87.9%
⋆ Two-____
Harvey Dent, Batman enemy
⋆ FACE ⋆
86.8%
Star Wars villainsSITH
86.8%
⋆ Three ____
Type of circus (or a public spectacle)
⋆ RING ⋆
86.3%
Step on a ladderRUNG
86.3%
Passed awayDIED
85.5%
Plate that ran away with a spoonDISH
84.1%
Document proving ownershipDEED
81.8%
Insult, slangilyDISS
77.6%
Devices for molding metal into shapesDIES
74.8%
Circuit breakerFUSE
69.2%
Ancient Germanic letterRUNE
68.7%
David Bowie song, or 1980 teen drama filmFAME
67.9%
Strong smelling vapor (e.g. from a cigarette)FUME
67.5%
Trick; deceptive actionRUSE
66.8%
⋆ ____ Six ⋆
Put an end to something
⋆ DEEP ⋆
55.7%

Today's Daily Dose

You're not logged in!

Compare scores with friends on all Sporcle quizzes.
OR
Log In

Sporcle TV

Today on Sporcle TV


Watch our educational content, quiz creation guides, and fun videos on Sporcle TV.

Show Comments

Extras

Top Quizzes Today


Score Distribution

Paid Content

Your Account Isn't Verified!

In order to create a playlist on Sporcle, you need to verify the email address you used during registration. Go to your Sporcle Settings to finish the process.

Report this User

Report this user for behavior that violates our Community Guidelines.

Details: